000 01010nam a2200349 a 4500
003 AR-BaBNM
005 20251128210343.0
008 082120s2002 ||||||||||||||000 | spa||
020 _a84-329-9425-1
040 _cAR-BaBNM
100 1 _aComellas Carbó, María Jesús
245 0 0 _aLa psicomotricidad en preescolar
250 _a2ª ed.
260 _aBarcelona
_bCEAC
_c1996
300 _a81 p.
_bil., tablas
490 0 _aEducación y Enseñanza. Educación infantil
504 _aContiene bibliografía p. 79-81
650 4 _aPSICOMOTRICIDAD
650 4 _aDESARROLLO MOTOR
650 4 _aJUEGOS EDUCATIVOS
650 4 _aAPRENDIZAJE
650 4 _aEDUCACION DE LA PRIMERA INFANCIA
650 4 _aDESTREZAS PSICOMOTRICES
650 4 _aCOORDINACION SENSOMOTRIZ
650 4 _aACTIVIDADES DE APRENDIZAJE
653 _aEDUCACION INICIAL
653 _aLECTOESCRITURA
700 1 _aPerpinyà i Torregrosa, Anna
800 1 _aSarramona, Jaume
_edirector
942 _cBK
998 _cRaquel
999 _c15097
_d15097